000
00298nam a2200109 a 4500
005
20140414093831.0
008
970109s19uu xx 00 eng d
050
_a
VHS 500
_b
OR 01
245
_a
Britannica Science and Technology Video Library :
_b
video 1. Biology.
942
_c
AVM
999
_c
108750
_d
108750